Les joueurs les plus décisifs du Real Madrid 23/24 - Statistiques

Statistiques générales
  • Ce quiz a été pris 146 fois
  • Le résultat moyen est 8 sur 10
Statistiques - réponses
Joueurs % Correct
2. Vinicius
97%
3. Rodrygo
95%
1. Bellingham
94%
7. Kroos
85%
10. Modric
85%
6. Carvajal
80%
8. Valverde
78%
4. Joselu
75%
5. Diaz
61%
9. Vazquez
31%
Aucun quiz correspondant
Distribution des résultats
% des personnes avec chaque résultat
Percentile par nombre de réponses
Votre historique - résultats
Vous n’avez pas pris ce quiz